000 00284nam a2200121Ia 4500
008 191201s2014 xx 000 0 und d
100 _aGIRL, N.K.
245 0 _aAutomobile Mechanics
260 _aN. delhi
_bkhanna
_c2014
300 _a1015
650 _aB.Tech(ME)
942 _2ddc
_cBK
_02
999 _c6236
_d6236